Milo Murphy’s Law Episode Titles - Season One - Statistics

General Stats
  • This quiz has been taken 10 times
  • The average score is 18 of 36
Answer Stats
Hint Answer % Correct
Milo, Zack, and Melissa meet construction workers underground The Undergrounders
100%
Milo goes to the future with Cavendish and Dakota Missing Milo
88%
Elliot gets stuck in a world where Milo doesn’t exist World Without Milo
88%
Milo, Zack, Melissa, and Chad join a band competition Battle Of The Bands
75%
Milo and Zack meet Going The Extra Milo
75%
Milo goes to a football game Rooting For The Enemy
75%
Milo, Zack, and Melissa share secrets Secrets and Pies
75%
Milo, Zack, Melissa, and Sara wait in line for the new Doctor Zone movie The Doctor Zone Files
75%
Milo loses his doctor note The Note
75%
Milo and Zack accidentally create a sentient blob The Substitute
75%
Milo accidentally throws away his mom’s vintage t-shirts We’re Going To The Zoo
75%
The school competitions get combined Athledecamathalon
63%
Milo, Zack, Melissa, and Amanda go to an opera Smooth Opera-tor
63%
Dakota has to duplicate himself a lot to save Cavendish’s life The Island Of Lost Dakotas
63%
Milo and Melissa ride a runaway fire engine The Little Engine That Couldn’t
63%
Milo, Zack, and their dads go fishing Time Out
63%
Elliot becomes the school’s Safety Monitor Disaster Of My Dreams
50%
Milo meets his favorite actor, Tobias Trollhammer Star Struck
50%
Milo, Zack, and Melissa try to complete a science project Sunny Side Up
50%
Milo participates in a race The Race
50%
Milo, Zack, and Melissa’s parents get turned into kids Backward To School Night
38%
Milo and his family go on a road trip Family Vacation
38%
Milo, Cavendish, and Dakota meet the creator of Doctor Zone Fungus Among Us
38%
Milo, Zack, and Melissa go to an amusement park Murphy’s Lard
38%
Melissa and Zack throw Milo a birthday party Party Of Peril
38%
The students go on the school board’s yacht Some Like It Yacht
38%
Milo, Zack, and Melissa try to get Melissa’s notes back The Math Book
38%
Milo, Zack, and Melissa go camping Perchance To Sleepwalk
25%
Amanda tries to have a perfect dance even with Murphy’s Law School Dance
25%
Milo tells his llama story The Llama Incedent
25%
Career Day at Jefferson County Middle School Worked Day
25%
Milo surprises his parents by bringing all of their relatives to Danville A Christmas Peril
13%
Milo, Zack, and Melissa search for a missing robot A Clockwork Origin
13%
Milo, Zack, and Melissa go to a ranch The Wilder West
13%
Milo, Zack, and Melissa try to stay away from Sara’s not-date Love Taboggan
0%
Milo makes a haunted house inside of a truck Milo’s Halloween Scream-a-Torium
0%
No matching quizzes found
Score Distribution
Percent of People with Each Score
Percentile by Number Answered
Your Score History
You have not taken this quiz